| Tag |
First Indicator |
Second Indicator |
Subfields |
| LEADER |
00000cam a2200000 4500 |
| 001 |
in00000098519 |
| 005 |
20150926125521.0 |
| 008 |
760405s1957 nyua b 00000 eng u |
| 010 |
|
|
|a 58001434
|
| 035 |
|
|
|a (OCoLC)02092703
|
| 035 |
|
|
|9 AAL3459AM
|
| 040 |
|
|
|c CSU
|d TXA
|d UtOrBLW
|
| 049 |
|
|
|a TXAM
|c [287130]
|
| 090 |
|
|
|a TN490.Z5
|b M5 1957a
|
| 100 |
1 |
|
|a Miller, George Leslie.
|
| 245 |
1 |
0 |
|a Zirconium.
|
| 250 |
|
|
|a 2d ed.
|
| 264 |
|
1 |
|a New York :
|b Academic Press,
|c 1957.
|
| 300 |
|
|
|a 548 pages :
|b illustrations ;
|c 23 cm.
|
| 336 |
|
|
|a text
|b txt
|2 rdacontent
|
| 337 |
|
|
|a unmediated
|b n
|2 rdamedia
|
| 338 |
|
|
|a volume
|b nc
|2 rdacarrier
|
| 490 |
1 |
|
|a Metallurgy of the rarer metals,
|v 2
|
| 504 |
|
|
|a Includes bibliography.
|
| 650 |
|
0 |
|a Zirconium.
|
| 830 |
|
0 |
|a Metallurgy of the rarer metals ;
|v 2.
|
| 999 |
|
|
|a MARS
|
| 999 |
f |
f |
|s 7cf82680-960a-360a-8c60-f4155a7491ef
|i c57bd69c-3374-3539-9eb9-df9aa9841de2
|t 0
|
| 952 |
f |
f |
|p normal
|a Texas A&M University
|b College Station
|c Sterling C. Evans Library
|d Evans: Library Stacks
|t 0
|e TN490.Z5 M5 1957a
|h Library of Congress classification
|i unmediated -- volume
|m A14805577677
|
| 998 |
f |
f |
|a TN490.Z5 M5 1957a
|t 0
|l Evans: Library Stacks
|